000 00339nam a2200133 a 4500
005 20140412111413.0
008 070703s19uu xx 00 eng d
020 _a0-87449-766-3
050 _aER
_bBu982
245 _aA butterfly doesn't waddle.
260 _aCanada :
_bModern publishing.
440 _aHoney bear book
999 _c105750
_d105750